Mahatma kanakadasa prashasti (Record no. 143193)

MARC details
000 -LEADER
fixed length control field 00634nam a2200217Ia 4500
003 - CONTROL NUMBER IDENTIFIER
control field OSt
005 - DATE AND TIME OF LATEST TRANSACTION
control field 20260203150839.0
008 - FIXED-LENGTH DATA ELEMENTS--GENERAL INFORMATION
fixed length control field 210210b1965 xxu||||| |||| 00| 0 eng d
040 ## - CATALOGING SOURCE
Transcribing agency AL
041 ## - LANGUAGE CODE
Language code of text/sound track or separate title Kannada
082 ## - DEWEY DECIMAL CLASSIFICATION NUMBER
Classification number 852/528
100 ## - MAIN ENTRY--PERSONAL NAME
Personal name VIVIDA LEKHAKARU
Dates associated with a name ವಿವಿಧ ಲೇಖಕರು
9 (RLIN) 253648
245 ## - TITLE STATEMENT
Title Mahatma kanakadasa prashasti
Remainder of title ಮಹಾತ್ಮಾ ಕನಕದಾಶ ಪ್ರಶಸ್ತಿ
260 ## - PUBLICATION, DISTRIBUTION, ETC.
Place of publication, distribution, etc. BengaLuru
Name of publisher, distributor, etc. -
Date of publication, distribution, etc. 1965
650 ## - SUBJECT ADDED ENTRY--TOPICAL TERM
Topical term or geographic name entry element prashasti
9 (RLIN) 253649
650 ## - SUBJECT ADDED ENTRY--TOPICAL TERM
Topical term or geographic name entry element MahAtma
9 (RLIN) 253650
650 ## - SUBJECT ADDED ENTRY--TOPICAL TERM
Topical term or geographic name entry element kanakadAsa
9 (RLIN) 253651
690 ## - LOCAL SUBJECT ADDED ENTRY--TOPICAL TERM (OCLC, RLIN)
Topical term or geographic name as entry element Kannada Prose
9 (RLIN) 253652
906 ## - LOCAL DATA ELEMENT F, LDF (RLIN)
a 019094
942 ## - ADDED ENTRY ELEMENTS (KOHA)
Source of classification or shelving scheme Dewey Decimal Classification
Koha item type Book
Holdings
Withdrawn status Lost status Source of classification or shelving scheme Damaged status Not for loan Collection code Home library Current library Shelving location Date acquired Cost, normal purchase price Total Checkouts Full call number Barcode Date last seen Price effective from Koha item type
    Dewey Decimal Classification     Kannada St Aloysius Library St Aloysius Library   02/17/2021 0.00   852/528 019094 02/17/2021 02/17/2021 Book